000 00465nam a2200193Ia 4500
008 191125s9999 xx 000 0 und d
020 _a9780070681828
041 _a12+549
041 _aENGLISH
082 _a681.3.423.12 BAL
100 _aBalagurusamy (E)
245 0 _aProgramming in ANSI C
250 _n5
260 _bTata Mcgraw Hill Publishing Co. Ltd.
_c12+549
365 _b290
_dRupees
563 _aPaper Pack
650 _aAnsi C
942 _cBK
999 _c69819
_d69819